Wordt geladen...

swadeshabhimani vakkom Moulavi

Bibliografische gegevens
Hoofdauteur: Jamal Muhammed T
Formaat: Printed Book
Taal:Malayalam
Gepubliceerd in: IPH 2014
LEADER 00472nam a22001457a 4500
008 160831b xxu||||| |||| 00| 0 mal d
020 |a 9788182716308 
082 |a 923 
100 |a Jamal Muhammed T 
245 |a swadeshabhimani vakkom Moulavi 
260 |a IPH  |c 2014 
500 |a Vakkom Abdul Kader Moulavi biography 
942 |c BK 
999 |c 176364  |d 176364 
952 |0 0  |1 0  |4 0  |6 923_000000000000000  |7 0  |9 195419  |a ARA  |b ARA  |c ST1  |d 2016-09-03  |i 9718  |l 0  |o 923  |p ARA9718  |r 2016-09-03  |w 2016-09-03  |y BK